[Event "Ungdoms-DM U16 2025"]
[Site "Odense"]
[Date "2025.09.28"]
[Round "4"]
[White "Leonchuk, Gleb"]
[Black "Bruntse, Caroline Lindegaard"]
[Result "1/2-1/2"]
[WhiteElo "1640"]
[BlackElo "1754"]
[WhiteFideId "1480120"]
[BlackFideId "1472275"]
[EventDate "2025.09.26"]
[EventType "swiss"]
[EventRounds "5"]
[EventCountry "DEN"]
[SourceTitle "Turneringssystemet"]

1. e4 e5 2. Nf3 Nc6 3. Bb5 Nf6 4. O-O Nxe4 5. Re1 Nd6 6. Nxe5 Nxe5 7. Rxe5+ Be7 8. Bf1 O-O 9. d4 Bf6 10. Re1 Nf5 11. c3 d5 12. Nd2 c6 13. Nf3 Be6 14. Ne5 Re8 15. a4 a5 16. h3 Bg5 17. Bxg5 Qxg5 18. Qg4 Qh6 19. Qf3 Qg5 20. Qg4 Qd2 21. Re2 Qh6 22. Qf3 Qg5 23. Qg4 Qh6 24. Qf3 Qg5 25. Qg4 1/2-1/2

[Event "Ungdoms-DM U16 2025"]
[Site "Odense"]
[Date "2025.09.28"]
[Round "5"]
[White "Frydendahl, Noah Skotte"]
[Black "Jorgensen, Willas B"]
[Result "1-0"]
[WhiteElo "2054"]
[BlackElo "2022"]
[WhiteFideId "1473239"]
[BlackFideId "1484540"]
[EventDate "2025.09.26"]
[EventType "swiss"]
[EventRounds "5"]
[EventCountry "DEN"]
[SourceTitle "Turneringssystemet"]

1. e4 e5 2. Nf3 Nc6 3. Bb5 Nf6 4. d3 d6 5. h3 Bd7 6. O-O g6 7. Bg5 Bg7 8. Nc3 h6 9. Be3 O-O 10. Qd2 Kh7 11. a4 Qe8 12. Nh2 g5 13. h4 gxh4 14. f4 a6 15. Bxc6 Bxc6 16. fxe5 dxe5 17. Qf2 h3 18. Qf5+ Kg8 19. Qxh3 h5 20. Bc5 b6 21. Bxf8 Qxf8 22. Qg3 Qe7 23. Rf5 Ng4 24. Raf1 f6 25. Rxh5 1-0

[Event "Ungdoms-DM U16 2025"]
[Site "Odense"]
[Date "2025.09.28"]
[Round "5"]
[White "Topp, Xavi Normann"]
[Black "Li, Anna Sofie"]
[Result "0-1"]
[WhiteElo "1864"]
[BlackElo "1962"]
[WhiteFideId "1476106"]
[BlackFideId "1472119"]
[EventDate "2025.09.26"]
[EventType "swiss"]
[EventRounds "5"]
[EventCountry "DEN"]
[SourceTitle "Turneringssystemet"]

1. c4 c6 2. Nf3 d5 3. b3 e6 4. g3 Nf6 5. Bg2 Be7 6. O-O O-O 7. Bb2 Nbd7 8. e3 Re8 9. d4 b6 10. Nbd2 Bb7 11. Rc1 c5 12. dxc5 bxc5 13. cxd5 exd5 14. Rc2 Bf8 15. Qa1 a5 16. Ne5 Nb8 17. Nd3 Ba6 18. Rc3 Ra7 19. Qb1 Ne4 20. Nxe4 dxe4 21. Nxc5 Bxf1 22. Kxf1 f5 23. Rc4 Bxc5 24. Rxc5 Rd7 25. Rc1 Na6 26. Bh3 g6 27. Qc2 Rc7 28. Qe2 Rxc1+ 29. Bxc1 Qd3 30. Qxd3 exd3 31. Ke1 Rc8 32. Bd2 Rc2 33. Bf1 Nc5 34. Bg2 Ne4 35. Bxe4 fxe4 36. Bxa5 Rxa2 37. b4 Ra1+ 38. Kd2 Rf1 39. b5 Rxf2+ 40. Kc1 Rf5 41. b6 Rxa5 42. b7 Rb5 0-1

[Event "Ungdoms-DM U16 2025"]
[Site "Odense"]
[Date "2025.09.28"]
[Round "5"]
[White "Snedker, Oliver Kaehne "]
[Black "Bjerg, Ludvig"]
[Result "1/2-1/2"]
[WhiteElo "1865"]
[BlackElo "1934"]
[WhiteFideId "1470051"]
[BlackFideId "1477676"]
[EventDate "2025.09.26"]
[EventType "swiss"]
[EventRounds "5"]
[EventCountry "DEN"]
[SourceTitle "Turneringssystemet"]

1. e4 c6 2. Nc3 d5 3. Nf3 dxe4 4. Nxe4 Nf6 5. Qe2 Nxe4 6. Qxe4 Nd7 7. Bc4 Nf6 8. Ne5 e6 9. Qe2 Bd6 10. d4 Qc7 11. Bf4 b5 12. Bd3 Bb7 13. O-O Nd5 14. Bd2 O-O-O 15. c4 bxc4 16. Bxc4 Nb6 17. Ba5 Bxe5 18. dxe5 Rd4 19. Rac1 Kb8 20. Rfd1 Rhd8 21. Rxd4 Rxd4 22. Ba6 Rd5 23. Bxb7 Kxb7 24. Bc3 Na4 25. Qc2 1/2-1/2

[Event "Ungdoms-DM U16 2025"]
[Site "Odense"]
[Date "2025.09.28"]
[Round "5"]
[White "Tirsgaard, Villum Graulund"]
[Black "Alzaga, Luis"]
[Result "0-1"]
[WhiteElo "1698"]
[BlackElo "2036"]
[WhiteFideId "1479520"]
[BlackFideId "1481606"]
[EventDate "2025.09.26"]
[EventType "swiss"]
[EventRounds "5"]
[EventCountry "DEN"]
[SourceTitle "Turneringssystemet"]

1. e4 e6 2. Nf3 d5 3. exd5 exd5 4. d4 Nf6 5. c4 Be7 6. Nc3 O-O 7. Be2 dxc4 8. Bxc4 Bg4 9. Be3 Nbd7 10. h3 Bh5 11. Qb3 c5 12. d5 a6 13. a4 Bxf3 14. gxf3 Ne5 15. Be2 Rc8 16. f4 c4 17. Qc2 Nd3+ 18. Bxd3 cxd3 19. Qxd3 Bb4 20. Bd4 Nxd5 21. Rg1 f6 22. Qg3 Bxc3+ 23. bxc3 Qc7 24. Kf1 Nxf4 25. Rd1 Qc4+ 26. Rd3 Qxd3+ 27. Qxd3 Nxd3 28. Kg2 Nf4+ 29. Kf3 Nxh3 30. Rb1 Ng5+ 31. Ke2 Rfe8+ 32. Kd3 Re7 33. c4 Rd7 34. Kc3 Nf3 35. Be3 Ne5 36. c5 h5 37. Rb6 h4 38. Rb4 g5 39. Rb6 Kf7 40. Kc2 h3 41. Rb1 h2 42. f4 gxf4 43. Bxf4 Rxc5+ 44. Kb3 Rd3+ 45. Kb4 Rc4+ 0-1

[Event "Ungdoms-DM U16 2025"]
[Site "Odense"]
[Date "2025.09.28"]
[Round "5"]
[White "Andries, Leia"]
[Black "Bruntse, Kathrine Lindegaard"]
[Result "0-1"]
[WhiteElo "1851"]
[BlackElo "1887"]
[WhiteFideId "1469207"]
[BlackFideId "1472283"]
[EventDate "2025.09.26"]
[EventType "swiss"]
[EventRounds "5"]
[EventCountry "DEN"]
[SourceTitle "Turneringssystemet"]

1. e4 c5 2. Nf3 e6 3. c3 Nf6 4. e5 Nd5 5. d4 cxd4 6. cxd4 d6 7. Bc4 Nb6 8. Bd3 Nc6 9. O-O Be7 10. a3 O-O 11. Qe2 f5 12. exf6 Bxf6 13. Qe4 g6 14. Bh6 Bg7 15. Bg5 Bf6 16. Bh6 Bg7 17. Bxg7 Kxg7 18. h4 Qf6 19. Nc3 a6 20. Ne2 Nd5 21. Ng3 Nf4 22. Bc2 Bd7 23. Rae1 Rae8 24. Qe3 d5 25. b4 Rc8 26. Bb1 Rfe8 27. Rc1 e5 28. dxe5 Nxe5 29. Rxc8 Nxf3+ 30. Qxf3 Rxc8 31. h5 Nh3+ 32. Kh2 Qxf3 33. gxf3 Nf4 34. Re1 Kf6 35. Rd1 Rc3 36. Ne4+ dxe4 37. Rxd7 exf3 38. Rxh7 gxh5 39. Kg3 Ne2+ 40. Kh3 Rc1 41. Kh2 Rxb1 42. Rxb7 Rf1 43. Rb6+ Kf5 44. Rxa6 Rxf2+ 45. Kh1 Ng3+ 46. Kg1 Rg2# 0-1

[Event "Ungdoms-DM U16 2025"]
[Site "Odense"]
[Date "2025.09.28"]
[Round "5"]
[White "Christiansen, Lee Yu"]
[Black "Bergstrom Degnsbjerg, Olivia Delf"]
[Result "0-1"]
[WhiteElo "1543"]
[BlackElo "1200"]
[WhiteFideId "1473743"]
[BlackFideId "1485709"]
[EventDate "2025.09.26"]
[EventType "swiss"]
[EventRounds "5"]
[EventCountry "DEN"]
[SourceTitle "Turneringssystemet"]

1. e4 e5 2. Nf3 Nc6 3. Bb5 a6 4. Ba4 b5 5. Bb3 Nf6 6. d3 g6 7. O-O Bg7 8. Re1 O-O 9. h3 d6 10. Be3 Bb7 11. Qd2 a5 12. c3 a4 13. Bc2 Ne7 14. Bh6 c5 15. Bxg7 Kxg7 16. d4 Nc6 17. Qd3 c4 18. Qe3 Re8 19. Nbd2 Qd7 20. Nf1 Nh5 21. Qd2 Bc8 22. Re3 Nf4 23. N3h2 h5 24. Qd1 Rg8 25. Qf3 Kh6 26. d5 Ne7 27. Qg3 g5 28. f3 f5 29. Rd1 Nfxd5 30. Ree1 Nf4 31. exf5 Nxf5 32. Bxf5 Qxf5 33. Rxd6+ Be6 34. Ne3 Qg6 35. Kf1 h4 36. Nhg4+ Kh5 37. Qh2 e4 38. Red1 exf3 39. gxf3 Raf8 40. Qh1 Nd3 41. Rd2 Qf7 42. Ke2 Nc1+ 43. Qxc1 Qxf3+ 44. Ke1 Qh1+ 0-1